| 000 | 00463nam a2200181Ia 4500 | ||
|---|---|---|---|
| 001 | 10149 | ||
| 005 | 20260306161810.0 | ||
| 008 | 260306t1960||||xx |||||||||||||| ||spa|| | ||
| 041 | _aESP | ||
| 082 |
_a901 _bO73 |
||
| 100 |
_aOrtega y Gasset, José _eAUT |
||
| 245 | 0 |
_aUna interpretación de la historia universal: _ben torno a Toynbee |
|
| 260 | _c1960 | ||
| 300 |
_a360 páginas : _c22 cm. |
||
| 650 | _aGEN | ||
| 654 | _aCHU | ||
| 942 |
_cLIB _dJUS _fJUS _2ddc _n |
||
| 999 |
_c10149 _d10149 |
||